[Event "33rd NED-ch"]
[Site "Leeuwarden NED"]
[Date "1977.04.25"]
[Round "6"]
[White "Ligterink, Gert"]
[Black "Van der Sterren, Paul"]
[Result "1-0"]
[WhiteElo "2430"]
[BlackElo "2375"]
[EventDate "1977.04.18"]
[PlyCount "101"]

1.e4 e6 2.d4 d5 3.Nd2 c5 4.Ngf3 Nc6 5.exd5 exd5 6.Bb5 Bd6 7.dxc5 Bxc5 8.
O-O Ne7 9.Nb3 Bd6 10.Bg5 O-O 11.Re1 f6 12.Bh4 Ne5 13.Nxe5 Bxe5 14.c3 Qd6 
15.Bg3 Nf5 16.Nd4 Nxg3 17.hxg3 Qb6 18.Qb3 Rd8 19.Rad1 Bg4 20.Be2 Bxe2 21.
Rxe2 Qxb3 22.Nxb3 a5 23.a4 b5 24.axb5 a4 25.Nd4 Rdb8 26.Nf5 Rxb5 27.f4 Bc7
28.Rxd5 Rxd5 29.Ne7+ Kf7 30.Nxd5 Bd6 31.Kf2 Bc5+ 32.Kf3 Rd8 33.Ne3 a3 34.
bxa3 Rd3 35.c4 f5 36.g4 fxg4+ 37.Ke4 Rd4+ 38.Ke5 Rd8 39.Ke4 Rd4+ 40.Kf5 h5
41.Rb2 Bxa3 42.Rb7+ Kg8 43.Kg6 Bf8 44.f5 Re4 45.Nd5 g3 46.Kxh5 Rxc4 47.Kg5
Ba3 48.f6 Rc5 49.Kg6 Rc6 50.Rb8+ Bf8 51.Ne7+ 1-0

[Event "33rd NED-ch"]
[Site "Leeuwarden NED"]
[Date "1977.04.25"]
[Round "6"]
[White "Timman, Jan"]
[Black "Bohm, Hans"]
[Result "0-1"]
[WhiteElo "2590"]
[BlackElo "2445"]
[EventDate "1977.04.18"]
[PlyCount "122"]

1.e4 e6 2.Nc3 d5 3.Nf3 d4 4.Ne2 c5 5.c3 dxc3 6.bxc3 Nf6 7.Ng3 Nc6 8.Bb5 
Bd7 9.O-O Bd6 10.Qe2 Bxg3 11.hxg3 a6 12.Bd3 e5 13.Rb1 O-O 14.Rxb7 Na5 15.
Rb1 c4 16.Bc2 Qe7 17.Rb4 Rfc8 18.Ba3 Bc6 19.Rfb1 Qc5 20.Nh4 g6 21.Qf3 Kg7 
22.g4 h6 23.g3 Qd6 24.Ng2 Qxd2 25.Ne3 Qd7 26.Rb6 Qe6 27.Rd1 Nb7 28.Qe2 Nd7
29.Rbb1 Bb5 30.Nd5 Nf6 31.Bc1 Nc5 32.Nxf6 Qxf6 33.Qe3 g5 34.Rd5 Na4 35.Ba3
Re8 36.Rbd1 Re6 37.Kg2 Rae8 38.R1d2 Nb6 39.Bc5 Na4 40.Bd6 Nb2 41.Bb4 Qg6 
42.Rd8 Nd3 43.Rxe8 Rxe8 44.Rd1 Qc6 45.Ra1 Qd7 46.Bd1 Nxb4 47.cxb4 Qd4 48.
Rc1 Rc8 49.Bc2 c3 50.Qf3 Qxb4 51.Bb3 Rc7 52.Qf5 Qe7 53.f4 Bd7 54.Qxe5+ 
Qxe5 55.fxe5 Bxg4 56.Kf2 Be6 57.Bxe6 fxe6 58.Rc2 h5 59.Ke2 g4 60.Kd3 Kg6 
61.a4 Kg5 0-1

[Event "33rd NED-ch"]
[Site "Leeuwarden NED"]
[Date "1977.04.25"]
[Round "6"]
[White "Van der Vliet, Fredrik"]
[Black "Van Baarle, John"]
[Result "1/2-1/2"]
[WhiteElo "2340"]
[BlackElo "2325"]
[EventDate "1977.04.18"]
[PlyCount "113"]

1.Nf3 Nf6 2.c4 e6 3.g3 d5 4.Bg2 Be7 5.O-O O-O 6.b3 c5 7.e3 Nc6 8.Bb2 b6 9.
Qe2 Bb7 10.Rd1 Rc8 11.d3 Qc7 12.Nc3 Rfe8 13.Rac1 Qb8 14.cxd5 exd5 15.d4 
Rcd8 16.dxc5 Bxc5 17.Nb5 Ne4 18.Nbd4 Nb4 19.Ba1 Bf8 20.Qb2 Rc8 21.Rxc8 
Qxc8 22.a3 Nc6 23.Rc1 Qa8 24.Nf5 f6 25.N5d4 Nxd4 26.Nxd4 Qd8 27.b4 Qd7 28.
Ne2 Rc8 29.Nf4 Rxc1+ 30.Qxc1 Qc6 31.Qd1 Bd6 32.Ne2 Qc4 33.f3 Ng5 34.Nd4 h6
35.Qc2 a5 36.bxa5 Qxc2 37.Nxc2 bxa5 38.Bc3 a4 39.Bb4 Bc7 40.Kf2 Ba6 41.Nd4
Kf7 42.Ne2 Bb5 43.Nc3 Bc6 44.Bf1 Nxf3 45.Bb5 Bxb5 46.Nxb5 Ne5 47.Nxc7 Nd3+
48.Ke2 Nxb4 49.Kd2 Nc6 50.Nxd5 Ke6 51.Nb6 Ne5 52.Kc3 Ng4 53.Kd4 Nxh2 54.
Nxa4 Nf3+ 55.Kc5 h5 56.Nc3 g5 57.a4 1/2-1/2

[Event "33rd NED-ch"]
[Site "Leeuwarden NED"]
[Date "1977.04.26"]
[Round "7"]
[White "Boersma, Paulus"]
[Black "Ligterink, Gert"]
[Result "1/2-1/2"]
[WhiteElo "2350"]
[BlackElo "2430"]
[EventDate "1977.04.18"]
[PlyCount "74"]

1.e4 c5 2.Nc3 Nc6 3.g3 g6 4.Bg2 Bg7 5.d3 d6 6.f4 e6 7.Nf3 Nge7 8.O-O O-O 
9.Kh1 Rb8 10.a4 a6 11.Be3 Nd4 12.Nh4 f5 13.Nb1 e5 14.c3 Ne6 15.Nd2 exf4 
16.gxf4 d5 17.exf5 gxf5 18.Ndf3 d4 19.cxd4 Nd5 20.Bd2 cxd4 21.Ng5 Nxg5 22.
fxg5 Ne3 23.Bxe3 dxe3 24.Qh5 Be6 25.g6 hxg6 26.Nxg6 Rf6 27.Nf4 Bf7 28.Qf3 
Qd4 29.Rac1 Rh6 30.Qg3 Re8 31.Rc7 e2 32.Re1 Re3 33.Qg5 Qe5 34.Rc8+ Kh7 35.
d4 Qf6 36.Qxf6 Bxf6 37.Rxe2 Bxd4 1/2-1/2

[Event "33rd NED-ch"]
[Site "Leeuwarden NED"]
[Date "1977.04.26"]
[Round "7"]
[White "Bohm, Hans"]
[Black "Hartoch, Robert"]
[Result "1-0"]
[WhiteElo "2445"]
[BlackElo "2405"]
[EventDate "1977.04.18"]
[PlyCount "153"]

1.e4 d6 2.Nc3 g6 3.d3 Bg7 4.g3 c5 5.Bg2 Nc6 6.Nge2 Rb8 7.a4 e6 8.O-O Nge7 
9.Be3 Nd4 10.Qd2 O-O 11.Nd1 Nec6 12.Nxd4 Nxd4 13.f3 b6 14.Rf2 f5 15.Ra3 
Qf6 16.c3 Nc6 17.b4 cxb4 18.cxb4 Bd7 19.b5 Ne5 20.Bg5 Qf7 21.Qb4 h6 22.Be3
Rfc8 23.Bf1 Bf8 24.Raa2 g5 25.Qb3 f4 26.gxf4 gxf4 27.Bd2 Ng6 28.d4 e5 29.
Qxf7+ Kxf7 30.d5 Be7 31.Nc3 Nh4 32.Kh1 Rg8 33.Ne2 Rbc8 34.Be1 Rc7 35.Ra3 
Rgc8 36.Rc3 Ng6 37.Rg2 Rc5 38.Bd2 Bh4 39.Rxc5 dxc5 40.Ng1 Be7 41.Bc4 Bd6 
42.Be1 Rb8 43.Ra2 Ke7 44.h4 h5 45.Kh2 Nh8 46.Nh3 Nf7 47.Nf2 Rg8 48.Nd3 Kd8
49.a5 Ke7 50.axb6 axb6 51.Ra7 Rb8 52.Nb2 Kd8 53.Bc3 Kc8 54.Nd3 Rb7 55.Ra1 
Kd8 56.Kg2 Ke7 57.Kf2 Rb8 58.Ra7 Kd8 59.Ke2 Ke7 60.Nb2 Rg8 61.Na4 Rb8 62.
Kd1 Ke8 63.Kc2 Kd8 64.Kb3 Bc7 65.Nb2 Kc8 66.Nd3 Kd8 67.d6 Nxd6 68.Bxe5 
Bxb5 69.Bxd6 Bxc4+ 70.Kxc4 Bxd6 71.Kb5 Bc7 72.e5 c4 73.Nxf4 Rc8 74.Ne6+ 
Kd7 75.Nxc7 Rxc7 76.Rxc7+ Kxc7 77.Kxc4 1-0

[Event "33rd NED-ch"]
[Site "Leeuwarden NED"]
[Date "1977.04.26"]
[Round "7"]
[White "Langeweg, Christian"]
[Black "Van der Vliet, Fredrik"]
[Result "1-0"]
[WhiteElo "2445"]
[BlackElo "2340"]
[EventDate "1977.04.18"]
[PlyCount "75"]

1.d4 Nf6 2.c4 e6 3.Nf3 c5 4.d5 exd5 5.cxd5 d6 6.Nc3 g6 7.e4 Bg7 8.Be2 O-O 
9.Nd2 Re8 10.O-O Nbd7 11.a4 Ne5 12.Ra3 Bg4 13.f3 Bd7 14.Qc2 g5 15.Nc4 Nxc4
16.Bxc4 Nh5 17.Ne2 Qf6 18.Bb5 Bxb5 19.axb5 Nf4 20.Ng3 Qd4+ 21.Kh1 Qb4 22.
Nf5 Qxb5 23.Qd1 Qd7 24.h4 h6 25.hxg5 hxg5 26.Bxf4 gxf4 27.Qc1 Qd8 28.Qxf4 
Qf6 29.Qg4 Kf8 30.f4 Rxe4 31.Rg3 Rae8 32.Nxg7 Re1 33.Rxe1 Rxe1+ 34.Kh2 
Qh6+ 35.Nh5 Ke7 36.Rh3 Re4 37.Qc8 Qg6 38.f5 1-0

[Event "33rd NED-ch"]
[Site "Leeuwarden NED"]
[Date "1977.04.26"]
[Round "7"]
[White "Van der Sterren, Paul"]
[Black "Donner, Jan"]
[Result "0-1"]
[WhiteElo "2375"]
[BlackElo "2470"]
[EventDate "1977.04.18"]
[PlyCount "88"]

1.e4 e5 2.Nf3 Nc6 3.Bb5 a6 4.Ba4 d6 5.c3 Bd7 6.d4 Nge7 7.O-O Ng6 8.Nbd2 
Be7 9.Re1 h6 10.h3 O-O 11.a3 Bf6 12.dxe5 Ncxe5 13.Bc2 Nxf3+ 14.Nxf3 a5 15.
Be3 Re8 16.Bd4 a4 17.Nd2 Bxd4 18.cxd4 Nf4 19.Nf3 Bb5 20.Qd2 Qf6 21.Kh2 Ne6
22.Re3 c5 23.d5 Nd4 24.Rd1 Qf4+ 25.Kg1 Nxf3+ 26.Rxf3 Qxd2 27.Rxd2 Bd7 28.
Re3 b5 29.f4 f6 30.Rde2 Re7 31.e5 fxe5 32.fxe5 Rxe5 33.Rxe5 dxe5 34.Rxe5 
Re8 35.Rxe8+ Bxe8 36.Bf5 Kf7 37.d6 Bc6 38.Kf2 b4 39.g3 Kf6 40.Bc8 c4 41.d7
Ke7 42.d8=Q+ Kxd8 43.Be6 c3 44.bxc3 bxa3 0-1

[Event "33rd NED-ch"]
[Site "Leeuwarden NED"]
[Date "1977.04.27"]
[Round "8"]
[White "Donner, Jan"]
[Black "Boersma, Paulus"]
[Result "1/2-1/2"]
[WhiteElo "2470"]
[BlackElo "2350"]
[EventDate "1977.04.18"]
[PlyCount "86"]

1.d4 Nf6 2.c4 e6 3.Nc3 Bb4 4.e3 b6 5.Ne2 Bb7 6.a3 Be7 7.d5 O-O 8.Ng3 d6 9.
Be2 c6 10.e4 cxd5 11.cxd5 exd5 12.exd5 Na6 13.O-O Nc7 14.Nf5 Qd7 15.Nxe7+ 
Qxe7 16.Bf3 Qd7 17.Qd4 Qf5 18.Qf4 Qxf4 19.Bxf4 Rfd8 20.Rad1 Kf8 21.Rfe1 b5
22.g4 a5 23.g5 Nfe8 24.Rd4 g6 25.Be2 b4 26.axb4 axb4 27.Rxb4 Nxd5 28.Nxd5 
Bxd5 29.Rd1 Be6 30.Kg2 Rab8 31.Bxd6+ Nxd6 32.Rxd6 Rxb4 33.Rxd8+ Kg7 34.Rd2
h6 35.gxh6+ Kxh6 36.Bd1 Bb3 37.Bxb3 Rxb3 38.Kf1 g5 39.Ke2 g4 40.Kd1 Kg6 
41.Kc2 Rh3 42.b4 Rxh2 43.b5 Rh5 1/2-1/2

[Event "33rd NED-ch"]
[Site "Leeuwarden NED"]
[Date "1977.04.27"]
[Round "8"]
[White "Hartoch, Robert"]
[Black "Van Baarle, John"]
[Result "1-0"]
[WhiteElo "2405"]
[BlackElo "2325"]
[EventDate "1977.04.18"]
[PlyCount "75"]

1.e4 c5 2.Nf3 d6 3.d4 cxd4 4.Qxd4 Bd7 5.c4 Nc6 6.Qd2 g6 7.b3 Bg7 8.Nc3 Nf6
9.Bb2 O-O 10.h3 Qa5 11.Bd3 a6 12.a3 Rfc8 13.b4 Qd8 14.O-O Be6 15.Nd5 Nd7 
16.Bxg7 Kxg7 17.Nf4 Nde5 18.Nxe6+ fxe6 19.Ng5 Qd7 20.f4 Nxd3 21.Qxd3 h6 
22.Nf3 Rf8 23.Nh4 e5 24.f5 g5 25.Ng6 Rf6 26.h4 Nd4 27.hxg5 hxg5 28.Ra2 Rc8
29.Raf2 Qc7 30.Qg3 Qxc4 31.Qxg5 Kf7 32.Qh5 Kg7 33.Nxe7 Rh8 34.Qg5+ Kf7 35.
Nd5 Rfh6 36.Qe7+ Kg8 37.Qe8+ Kg7 38.f6+ 1-0

[Event "33rd NED-ch"]
[Site "Leeuwarden NED"]
[Date "1977.04.27"]
[Round "8"]
[White "Kortschnoj, Viktor"]
[Black "Bohm, Hans"]
[Result "1-0"]
[WhiteElo "2645"]
[BlackElo "2445"]
[EventDate "1977.04.18"]
[PlyCount "81"]

1.c4 d6 2.Nc3 g6 3.d4 Bg7 4.e4 Nc6 5.Be3 e5 6.d5 Nd4 7.Nge2 Nxe2 8.Bxe2 f5
9.exf5 gxf5 10.f4 Ne7 11.fxe5 dxe5 12.Bg5 Qd7 13.c5 O-O 14.Qb3 Kh8 15.
O-O-O Ng6 16.Bb5 Qf7 17.Bc4 Qd7 18.d6 c6 19.h4 e4 20.h5 Ne5 21.Be7 Bh6+ 
22.Kb1 Re8 23.Ne2 b5 24.cxb6 axb6 25.Nf4 Rxe7 26.dxe7 Qxe7 27.g3 b5 28.Be6
Bxf4 29.Bxc8 Rxc8 30.gxf4 Nd3 31.Rhg1 Qf6 32.Rg3 Nxf4 33.Rd6 Qe5 34.Rxc6 
Rd8 35.h6 Ne2 36.Rg7 e3 37.Qd3 Qe4 38.Qxe4 fxe4 39.Rd7 Rg8 40.Rcc7 Rg1+ 
41.Kc2 1-0

[Event "33rd NED-ch"]
[Site "Leeuwarden NED"]
[Date "1977.04.27"]
[Round "8"]
[White "Langeweg, Christian"]
[Black "Van der Sterren, Paul"]
[Result "1-0"]
[WhiteElo "2445"]
[BlackElo "2375"]
[EventDate "1977.04.18"]
[PlyCount "77"]

1.d4 d5 2.c4 dxc4 3.Nf3 Nd7 4.Na3 e6 5.Nxc4 b5 6.Ncd2 c5 7.e3 c4 8.b3 c3 
9.Ne4 b4 10.Bb5 Qb6 11.Ba4 Nf6 12.Nxf6+ gxf6 13.d5 Bc5 14.O-O Ke7 15.dxe6 
fxe6 16.Nd4 h5 17.Nc6+ Kf7 18.e4 Qc7 19.Be3 Bd6 20.f4 Nc5 21.Ne5+ Kg7 22.
Nc4 Be7 23.Bxc5 Bxc5+ 24.Kh1 Bb7 25.Qf3 Qf7 26.a3 Qg6 27.Rfe1 a5 28.Bd7 f5
29.Ne5 fxe4 30.Qe2 Ba6 31.Bb5 Qf5 32.axb4 Bd6 33.Bxa6 Qxf4 34.g3 Qxe5 35.
Rxa5 Qf6 36.Qxe4 Rab8 37.Bc4 Rxb4 38.Ra7+ Kh6 39.Qe3+ 1-0

[Event "33rd NED-ch"]
[Site "Leeuwarden NED"]
[Date "1977.04.27"]
[Round "8"]
[White "Ligterink, Gert"]
[Black "Van Wijgerden, Cornelis"]
[Result "1/2-1/2"]
[WhiteElo "2430"]
[BlackElo "2430"]
[EventDate "1977.04.18"]
[PlyCount "50"]

1.e4 g6 2.d4 Bg7 3.Nf3 d6 4.Be2 Nf6 5.Nc3 O-O 6.O-O c6 7.a4 Qc7 8.Be3 Ng4 
9.Bg5 f6 10.Bd2 Nh6 11.Qc1 Nf7 12.Be3 b6 13.d5 c5 14.a5 bxa5 15.Nd2 f5 16.
exf5 Bxf5 17.Ra3 Bc8 18.Nc4 Na6 19.Nb5 Qd7 20.Nxa5 Nb4 21.c4 a6 22.Nc3 Qf5
23.Na2 Qc2 24.Nxb4 Qxe2 25.Nd3 Ne5 1/2-1/2

[Event "33rd NED-ch"]
[Site "Leeuwarden NED"]
[Date "1977.04.27"]
[Round "8"]
[White "Van der Vliet, Fredrik"]
[Black "Timman, Jan"]
[Result "0-1"]
[WhiteElo "2340"]
[BlackElo "2590"]
[EventDate "1977.04.18"]
[PlyCount "76"]

1.d4 d6 2.e4 Nf6 3.Nc3 g6 4.g3 Bg7 5.Bg2 O-O 6.Nge2 Nbd7 7.O-O e5 8.b3 
exd4 9.Nxd4 Re8 10.Bb2 Nc5 11.Re1 a5 12.a4 c6 13.f3 h5 14.Qd2 Qb6 15.Kh1 
Bd7 16.Rad1 Rad8 17.Re2 Bc8 18.Ba1 Re7 19.Nb1 h4 20.Bc3 Rde8 21.g4 Nfxe4 
22.fxe4 Bxg4 23.h3 Bxe2 24.Nxe2 Nxe4 25.Bxe4 Rxe4 26.Ng1 Bxc3 27.Nxc3 Re3 
28.Rf1 Qb4 29.Nb1 Qe4+ 30.Qg2 d5 31.Qxe4 dxe4 32.Nd2 Rc3 33.Rc1 b5 34.Nb1 
Rc5 35.axb5 cxb5 36.Na3 Rd8 37.Ne2 Rd2 38.Ng1 Rg5 0-1

[Event "33rd NED-ch"]
[Site "Leeuwarden NED"]
[Date "1977.04.29"]
[Round "9"]
[White "Boersma, Paulus"]
[Black "Langeweg, Christian"]
[Result "1/2-1/2"]
[WhiteElo "2350"]
[BlackElo "2445"]
[EventDate "1977.04.18"]
[PlyCount "122"]

1.e4 c5 2.Nf3 e6 3.c3 d5 4.exd5 exd5 5.d4 a6 6.Be2 Nc6 7.O-O Bd6 8.dxc5 
Bxc5 9.Nbd2 Nge7 10.Nb3 Bb6 11.Bf4 O-O 12.Qd2 Re8 13.Rad1 Ng6 14.Bg3 Qf6 
15.Rfe1 Bf5 16.Qg5 Qxg5 17.Nxg5 Rad8 18.Nf3 Be4 19.Nfd4 f5 20.Bh5 a5 21.
Bxg6 hxg6 22.Bh4 Rc8 23.Nb5 Bc2 24.Rc1 a4 25.N3d4 Nxd4 26.Nxd4 Bd3 27.Nf3 
a3 28.bxa3 Bc5 29.Ne5 Be4 30.Nxg6 Bxa3 31.f3 Bxc1 32.Rxc1 Kf7 33.Ne7 Rxe7 
34.Bxe7 Kxe7 35.fxe4 dxe4 36.Rb1 Rxc3 37.Rxb7+ Kf6 38.h4 Rc1+ 39.Kf2 Rc2+ 
40.Kg3 Rxa2 41.Rb6+ Kf7 42.Rb7+ Kg6 43.Rb6+ Kh5 44.Rb5 g6 45.Rb7 Kh6 46.
Re7 Rd2 47.Ra7 Rd6 48.Rc7 g5 49.hxg5+ Kxg5 50.Rg7+ Kf6 51.Rg8 Ke5 52.Re8+ 
Re6 53.Ra8 Rg6+ 54.Kf2 Kf4 55.Rh8 e3+ 56.Kf1 Rd6 57.Rh4+ Ke5 58.Ke2 f4 59.
Rh5+ Ke4 60.Rg5 Rd2+ 61.Ke1 Ra2 1/2-1/2

[Event "33rd NED-ch"]
[Site "Leeuwarden NED"]
[Date "1977.04.29"]
[Round "9"]
[White "Ree, Hans"]
[Black "Ligterink, Gert"]
[Result "1-0"]
[WhiteElo "2460"]
[BlackElo "2430"]
[EventDate "1977.04.18"]
[PlyCount "75"]

1.d4 Nf6 2.c4 g6 3.Nc3 Bg7 4.e4 d6 5.Nf3 O-O 6.Be2 e5 7.O-O Nc6 8.d5 Ne7 
9.Bd2 Nh5 10.g3 f5 11.exf5 Nxf5 12.Ne4 Nf6 13.Bd3 Nxe4 14.Bxe4 Nd4 15.Nxd4
exd4 16.Kg2 Qf6 17.Qb3 b6 18.Qd3 Bd7 19.h4 Rae8 20.Rae1 Bf5 21.Bxf5 gxf5 
22.b3 Qg6 23.Rh1 h5 24.f3 Be5 25.Bg5 Bxg3 26.Reg1 Kh7 27.Kh3 f4 28.Qxg6+ 
Kxg6 29.Bxf4 Rxf4 30.Kxg3 Kf5 31.Kf2 Re3 32.Rh3 Re7 33.Rd1 Rg7 34.Rg3 Rgg4
35.Kg2 Rxg3+ 36.Kxg3 Ke5 37.Re1+ Kf5 38.Re8 1-0

[Event "33rd NED-ch"]
[Site "Leeuwarden NED"]
[Date "1977.04.29"]
[Round "9"]
[White "Van Wijgerden, Cornelis"]
[Black "Donner, Jan"]
[Result "1/2-1/2"]
[WhiteElo "2430"]
[BlackElo "2470"]
[EventDate "1977.04.18"]
[PlyCount "93"]

1.e4 e5 2.Nf3 Nc6 3.d4 exd4 4.Bc4 d6 5.Nxd4 g6 6.Nc3 Bg7 7.Be3 Nf6 8.f3 
O-O 9.Qd2 Nxd4 10.Bxd4 Be6 11.Bxe6 fxe6 12.O-O-O e5 13.Be3 Qd7 14.Nd5 Nh5 
15.c4 Qf7 16.b3 c6 17.Nc3 Nf4 18.Qf2 Qc7 19.Kb1 b6 20.Qb2 Rfd8 21.Rd2 a6 
22.Rhd1 Bf8 23.Qc2 Rab8 24.g3 Ne6 25.Ne2 Qe7 26.Rd3 Qf6 27.Qd2 Rdc8 28.Bh6
Be7 29.h4 b5 30.cxb5 axb5 31.Rc1 Nc5 32.Bg5 Qf7 33.Rdc3 b4 34.Rc4 Bf8 35.
Qe3 Qd7 36.Bh6 Bxh6 37.Qxh6 Ne6 38.Qd2 c5 39.Qd5 Kh8 40.f4 Nc7 41.Qd3 Nb5 
42.Rxc5 Nc3+ 43.R5xc3 bxc3 44.fxe5 c2+ 45.Kb2 Rd8 46.Nc3 Qg7 47.exd6 
1/2-1/2

[Event "33rd NED-ch"]
[Site "Leeuwarden NED"]
[Date "1977.04.29"]
[Round "9"]
[White "Van der Sterren, Paul"]
[Black "Van der Vliet, Fredrik"]
[Result "1-0"]
[WhiteElo "2375"]
[BlackElo "2340"]
[EventDate "1977.04.18"]
[PlyCount "77"]

1.e4 c5 2.Nf3 d6 3.d4 cxd4 4.Nxd4 Nf6 5.Nc3 a6 6.f4 Qc7 7.Bd3 g6 8.O-O Bg7
9.Nf3 Nbd7 10.Qe1 Nc5 11.Qh4 b5 12.a3 Bb7 13.f5 gxf5 14.exf5 Nxd3 15.cxd3 
Qc5+ 16.Kh1 Qxf5 17.Bg5 h6 18.Be3 Qxd3 19.Bd4 Kf8 20.Rad1 Qc4 21.Qe1 Re8 
22.Nh4 e5 23.Be3 d5 24.Nf5 Qg4 25.Bc5+ Kg8 26.Rd3 Nh5 27.Nd6 Re7 28.Nxb7 
Rxb7 29.Rxd5 Kh7 30.h3 Qg6 31.Rd6 f6 32.Ne4 Rg8 33.g4 Nf4 34.Kh2 Rc7 35.b4
Re8 36.Rf2 Re6 37.Rxf4 Rxd6 38.Bxd6 Rc4 39.Rf5 1-0

[Event "33rd NED-ch"]
[Site "Leeuwarden NED"]
[Date "1977.04.30"]
[Round "10"]
[White "Donner, Jan"]
[Black "Ree, Hans"]
[Result "1/2-1/2"]
[WhiteElo "2470"]
[BlackElo "2460"]
[EventDate "1977.04.18"]
[PlyCount "85"]

1.d4 Nf6 2.c4 g6 3.Nc3 d5 4.cxd5 Nxd5 5.e4 Nxc3 6.bxc3 Bg7 7.Bc4 c5 8.Ne2 
Nc6 9.Be3 cxd4 10.cxd4 Qa5+ 11.Bd2 Qd8 12.d5 Ne5 13.Bc3 O-O 14.Bb3 Bd7 15.
f4 Ng4 16.Bxg7 Kxg7 17.Qd4+ Kg8 18.h3 Qa5+ 19.Kf1 Nf6 20.e5 Ne8 21.Kg1 Nc7
22.Nc3 Rfd8 23.Kh2 Bc6 24.d6 exd6 25.exd6 Ne8 26.Qe5 Qb4 27.Nd5 Bxd5 28.
Bxd5 Qxd6 29.Bxb7 Qxe5 30.fxe5 Rab8 31.Rab1 Ng7 32.a4 Ne6 33.Rhc1 Rd7 34.
Bc6 Rxb1 35.Rxb1 Rc7 36.Rb8+ Kg7 37.Be8 Re7 38.Bb5 Nc5 39.Rc8 Rxe5 40.Rc7 
a5 41.Ra7 h5 42.Rxa5 Nxa4 43.Rxa4 1/2-1/2

[Event "33rd NED-ch"]
[Site "Leeuwarden NED"]
[Date "1977.04.30"]
[Round "10"]
[White "Kortschnoj, Viktor"]
[Black "Timman, Jan"]
[Result "1-0"]
[WhiteElo "2645"]
[BlackElo "2590"]
[EventDate "1977.04.18"]
[PlyCount "73"]

1.c4 e5 2.Nc3 Nf6 3.Nf3 Nc6 4.e3 Bb4 5.Qc2 d6 6.d3 Bg4 7.Be2 Bxc3+ 8.Qxc3 
Qd7 9.h3 Bh5 10.g4 Bg6 11.e4 a5 12.Be3 b6 13.Nh4 Qe7 14.g5 Nh5 15.Bxh5 
Bxh5 16.Nf5 Qf8 17.f4 O-O-O 18.Ng3 h6 19.gxh6 Rxh6 20.fxe5 Rh7 21.d4 Bf3 
22.O-O Bxe4 23.Nxe4 dxe5 24.d5 Rxh3 25.Kg2 Rh4 26.Ng3 Nd4 27.Bxd4 exd4 28.
Qd2 Rd6 29.Rf4 Qh8 30.Rxh4 Qxh4 31.Rh1 Qg4 32.Qe2 Qg6 33.Qe4 b5 34.Qxg6 
Rxg6 35.cxb5 Rd6 36.Nf5 Rg6+ 37.Kf3 1-0

[Event "33rd NED-ch"]
[Site "Leeuwarden NED"]
[Date "1977.04.30"]
[Round "10"]
[White "Langeweg, Christian"]
[Black "Van Wijgerden, Cornelis"]
[Result "1/2-1/2"]
[WhiteElo "2445"]
[BlackElo "2430"]
[EventDate "1977.04.18"]
[PlyCount "76"]

1.d4 g6 2.e4 Bg7 3.Nf3 d6 4.c3 Nf6 5.Bd3 O-O 6.O-O b6 7.a4 Bb7 8.Re1 e6 9.
a5 c5 10.e5 dxe5 11.dxe5 Nd5 12.Na3 Nd7 13.a6 Bc6 14.Bb5 Qc7 15.Qe2 Bxb5 
16.Nxb5 Qc6 17.c4 Nb4 18.Bg5 Nb8 19.Be7 Rc8 20.Ng5 Qd7 21.Bf6 N8c6 22.Bxg7
Kxg7 23.Red1 Nd4 24.Qe4 Qe7 25.Nxd4 Qxg5 26.Nb5 Rd8 27.Rd6 Qf5 28.Qxf5 
gxf5 29.Rad1 Rxd6 30.Rxd6 Nxa6 31.Rd7 Nb4 32.Nc7 Rc8 33.Nxe6+ Kg8 34.Nd8 
Nc6 35.Nxf7 f4 36.e6 Re8 37.Nh6+ Kh8 38.Nf7+ Kg8 1/2-1/2

[Event "33rd NED-ch"]
[Site "Leeuwarden NED"]
[Date "1977.04.30"]
[Round "10"]
[White "Ligterink, Gert"]
[Black "Bohm, Hans"]
[Result "1-0"]
[WhiteElo "2430"]
[BlackElo "2445"]
[EventDate "1977.04.18"]
[PlyCount "57"]

1.e4 e6 2.d4 d5 3.Nd2 c5 4.Ngf3 c4 5.e5 b5 6.g3 Nc6 7.c3 b4 8.Ng1 Rb8 9.
Bg2 Bd7 10.Ne2 Qa5 11.O-O bxc3 12.bxc3 Ba3 13.Nb3 Qa4 14.Bxa3 Qxa3 15.Nc5 
Nxe5 16.Nf4 Nd3 17.Nfxd3 cxd3 18.Rb1 Rb6 19.Qg4 g6 20.Qf4 Ne7 21.Qe5 Rg8 
22.c4 Qxa2 23.Ra1 Qxc4 24.Rxa7 Nc6 25.Ra8+ Ke7 26.Qg5+ f6 27.Qh6 Nxd4 28.
Rxg8 Qxc5 29.Qf8# 1-0

[Event "33rd NED-ch"]
[Site "Leeuwarden NED"]
[Date "1977.04.30"]
[Round "10"]
[White "Van der Sterren, Paul"]
[Black "Boersma, Paulus"]
[Result "1-0"]
[WhiteElo "2375"]
[BlackElo "2350"]
[EventDate "1977.04.18"]
[PlyCount "65"]

1.e4 c5 2.Nf3 d6 3.d4 cxd4 4.Nxd4 Nf6 5.Nc3 Nc6 6.Bg5 e6 7.Qd2 a6 8.O-O-O 
Bd7 9.f4 b5 10.Bxf6 gxf6 11.Nxc6 Bxc6 12.Qe3 Qe7 13.Re1 Qa7 14.Nd5 Qxe3+ 
15.Rxe3 O-O-O 16.Nxf6 Bg7 17.Nh5 Bd4 18.Re1 Rhg8 19.c3 Bh8 20.Rg1 d5 21.e5
d4 22.g4 dxc3 23.bxc3 Bf3 24.h3 Kc7 25.Rg3 Bd5 26.Kb2 Kb6 27.Rd1 Be4 28.
Bd3 Rd7 29.Re3 Bg6 30.Ng3 h5 31.gxh5 Bh7 32.Bxh7 Rxg3 33.Rxg3 1-0

[Event "33rd NED-ch"]
[Site "Leeuwarden NED"]
[Date "1977.04.30"]
[Round "10"]
[White "Van der Vliet, Fredrik"]
[Black "Hartoch, Robert"]
[Result "1-0"]
[WhiteElo "2340"]
[BlackElo "2405"]
[EventDate "1977.04.18"]
[PlyCount "109"]

1.Nf3 f5 2.b3 d6 3.d4 g6 4.Bb2 Bg7 5.g3 Nf6 6.Bg2 O-O 7.O-O c6 8.Nbd2 Na6 
9.e3 Nc7 10.Qe2 Kh8 11.Ne1 Be6 12.Nd3 Qd7 13.Rae1 Rae8 14.f3 Nh5 15.Rf2 b6
16.c4 c5 17.Rd1 Bg8 18.f4 Ne6 19.Nf3 Nf6 20.Rff1 Qc8 21.Rfe1 Nd8 22.Nf2 
Qa6 23.Ba1 Ne6 24.a4 cxd4 25.exd4 Nc7 26.d5 e6 27.dxe6 Nxe6 28.Qc2 Rd8 29.
Nd4 Nxd4 30.Bxd4 Qc8 31.Re7 Rd7 32.Rxd7 Qxd7 33.Qd3 Rd8 34.Bc3 Qc7 35.Qd2 
Ne8 36.Bxg7+ Nxg7 37.Bd5 Bxd5 38.Qxd5 Qe7 39.Kg2 h6 40.Rd3 Kh7 41.Rd2 Qe3 
42.Rd3 Qe1 43.Qf7 Re8 44.Rxd6 Re2 45.Qxg6+ Kh8 46.Rd8+ Ne8 47.Qxh6+ Kg8 
48.Qg6+ Kh8 49.Qh5+ Kg8 50.Qg5+ Kh8 51.Qh5+ Kg8 52.Qf3 Kg7 53.Rd7+ Kf8 54.
Rd5 Ng7 55.Re5 1-0

[Event "33rd NED-ch"]
[Site "Leeuwarden NED"]
[Date "1977.05.01"]
[Round "11"]
[White "Boersma, Paulus"]
[Black "Van der Vliet, Fredrik"]
[Result "1/2-1/2"]
[WhiteElo "2350"]
[BlackElo "2340"]
[EventDate "1977.04.18"]
[PlyCount "55"]

1.e4 c5 2.Nf3 d6 3.d4 cxd4 4.Nxd4 Nf6 5.Nc3 a6 6.f4 Qc7 7.Nf3 e6 8.Bd3 Nc6
9.O-O Be7 10.Kh1 b5 11.Qe2 Nd7 12.a4 b4 13.Nd1 Nc5 14.Be3 O-O 15.Bxc5 dxc5
16.e5 f6 17.Ne3 fxe5 18.fxe5 Bb7 19.Nc4 Rf7 20.Nd6 Rff8 21.Qe4 g6 22.Nxb7 
Qxb7 23.Qg4 Qc8 24.Bxg6 hxg6 25.Qxg6+ Kh8 26.Qh6+ Kg8 27.Qg6+ Kh8 28.Qh6+ 
1/2-1/2

[Event "33rd NED-ch"]
[Site "Leeuwarden NED"]
[Date "1977.05.01"]
[Round "11"]
[White "Bohm, Hans"]
[Black "Donner, Jan"]
[Result "0-1"]
[WhiteElo "2445"]
[BlackElo "2470"]
[EventDate "1977.04.18"]
[PlyCount "119"]

1.d4 Nf6 2.Bg5 d5 3.Bxf6 exf6 4.e3 f5 5.Bd3 g6 6.Qf3 c6 7.Ne2 Nd7 8.c4 Nb6
9.c5 Nd7 10.h4 Bxc5 11.dxc5 Ne5 12.Qg3 Nxd3+ 13.Kd2 f4 14.Nxf4 Nxc5 15.f3 
Qf6 16.Nc3 d4 17.Ne4 dxe3+ 18.Kxe3 Nxe4 19.fxe4 Qxb2 20.Rad1 Qe5 21.h5 g5 
22.Ne2 Qxg3+ 23.Nxg3 Be6 24.e5 Ke7 25.h6 Rhd8 26.Ne4 Bd5 27.Nxg5 f6 28.
Nxh7 fxe5 29.Rh5 Rh8 30.Ng5 Rag8 31.Rf1 Rg6 32.h7 Rf6 33.Rf2 Rxf2 34.Kxf2 
Bxa2 35.g4 Bd5 36.Ke3 Kf6 37.Nh3 Kg6 38.Rxe5 Rxh7 39.Nf4+ Kf6 40.Rf5+ Ke7 
41.g5 Bg8 42.Ke4 Rh1 43.Re5+ Kd6 44.Kf5 Bb3 45.g6 Rg1 46.Re8 a5 47.Kf6 a4 
48.g7 a3 49.Ne6 Bxe6 50.Rxe6+ Kc5 51.Re5+ Kb4 52.Re4+ Kb5 53.Re5+ c5 54.
Re1 Rxg7 55.Kxg7 Ka4 56.Kf6 a2 57.Ke5 b5 58.Kd5 c4 59.Kd4 Kb3 60.Re3+ 0-1

[Event "33rd NED-ch"]
[Site "Leeuwarden NED"]
[Date "1977.05.01"]
[Round "11"]
[White "Ree, Hans"]
[Black "Langeweg, Christian"]
[Result "1/2-1/2"]
[WhiteElo "2460"]
[BlackElo "2445"]
[EventDate "1977.04.18"]
[PlyCount "76"]

1.d4 Nf6 2.c4 e6 3.Nf3 b6 4.e3 Bb7 5.Bd3 d5 6.O-O Bd6 7.Nc3 O-O 8.Qe2 a6 
9.e4 dxe4 10.Nxe4 Nxe4 11.Bxe4 Bxe4 12.Qxe4 Nd7 13.Rd1 h6 14.Ne5 Bxe5 15.
dxe5 Qe7 16.Be3 Rad8 17.h3 Nc5 18.Qc2 a5 19.f4 Rxd1+ 20.Rxd1 Rd8 21.Kf1 
Rxd1+ 22.Qxd1 f5 23.exf6 Qxf6 24.b3 Qf5 25.Kg1 Kh7 26.Kh2 Nd3 27.Qf3 Nb4 
28.Bd4 Nxa2 29.Be5 Nc1 30.Bxc7 Qc2 31.Be5 Nxb3 32.Qb7 Qg6 33.Qxb6 Nd2 34.
c5 Nc4 35.Qc7 Nxe5 36.Qxe5 Qc2 37.Qd6 a4 38.c6 a3 1/2-1/2

[Event "33rd NED-ch"]
[Site "Leeuwarden NED"]
[Date "1977.05.01"]
[Round "11"]
[White "Van Baarle, John"]
[Black "Ligterink, Gert"]
[Result "1/2-1/2"]
[WhiteElo "2325"]
[BlackElo "2430"]
[EventDate "1977.04.18"]
[PlyCount "97"]

1.e4 c5 2.Nf3 Nc6 3.Bb5 g6 4.O-O Bg7 5.Bxc6 dxc6 6.d3 Nf6 7.Nbd2 O-O 8.Re1
b6 9.a4 a5 10.Nc4 Be6 11.Qe2 h6 12.Bd2 Nd7 13.Ra3 Qc7 14.b3 b5 15.Ne3 Kh7 
16.h4 Nf6 17.Ra2 Ng4 18.Nxg4 Bxg4 19.Ng5+ hxg5 20.Qxg4 gxh4 21.Qxh4+ Kg8 
22.Qg5 Qd6 23.Bf4 e5 24.Bd2 c4 25.axb5 cxb3 26.cxb3 cxb5 27.Rxa5 Rxa5 28.
Bxa5 Qxd3 29.Re3 Qd1+ 30.Kh2 Qd6 31.Rh3 Ra8 32.Bd2 Qd8 33.Rc3 Bf6 34.Qh6 
Bg7 35.Qg5 Bf6 36.Qe3 Be7 37.Rd3 Qe8 38.Rd5 Rd8 39.Qb6 Rb8 40.Qa6 Bf8 41.
Bg5 Bg7 42.Bf6 Kh7 43.Qd6 Qh8 44.Bxe5 Re8 45.f4 Bxe5 46.fxe5 Kg8+ 47.Kg1 
Qh4 48.Qb4 Rc8 49.Qd2 1/2-1/2